[Event "HUN-chT 1920"]
[Site "Hungary"]
[Date "2019.12.01"]
[Round "3.12"]
[White "Dudas, Eszter"]
[Black "Demeter, Dorina"]
[Result "1-0"]
[WhiteElo "2143"]
[BlackElo "2104"]
[PlyCount "65"]
[EventDate "2019.11.16"]
[EventType "team-tourn"]
[EventRounds "9"]
[EventCountry "HUN"]
[SourceTitle "CBM 193 Extra"]
[Source "ChessBase"]
[SourceDate "2020.01.31"]
[SourceVersion "1"]
[SourceVersionDate "2020.01.31"]
[SourceQuality "1"]
[WhiteTeam "Morihana"]
[BlackTeam "DVTK"]
[WhiteTeamCountry "HUN"]
[BlackTeamCountry "HUN"]

1. e4 e5 2. Nf3 Nc6 3. d4 exd4 4. Nxd4 Nf6 5. Nxc6 bxc6 6. e5 Qe7 7. Qe2 Nd5 8. c4 Nb6 9. Nc3 Qe6 10. Qe4 g6 11. Be2 Bg7 12. f4 0-0 13. 0-0 Ba6 14. b3 Rfe8 15. Qf3 d6 16. Ne4 f5 17. Ng5 Qe7 18. Ba3 h6 19. Nh3 c5 20. Rad1 dxe5 21. Qc6 exf4 22. Bf3 g5 23. Bxc5 Qe5 24. Bd4 Qe7 25. Bxb6 cxb6 26. Rd7 Qe3+ 27. Kh1 Rad8 28. Qd5+ Kh7 29. Qxf5+ Kh8 30. Nxg5 hxg5 31. Qh3+ Kg8 32. Bd5+ Kf8 33. Qf5+ 1-0

[Event "HUN-chT2 Charousek 1819"]
[Site "Hungary"]
[Date "2019.02.24"]
[Round "8.1"]
[White "Havasi, Gergo"]
[Black "Dudas, Eszter"]
[Result "1-0"]
[WhiteElo "2371"]
[BlackElo "2133"]
[PlyCount "119"]
[EventDate "2018.09.23"]
[EventType "team-tourn"]
[EventRounds "11"]
[EventCountry "HUN"]
[SourceTitle "CBM 189 Extra"]
[Source "ChessBase"]
[SourceDate "2019.06.03"]
[SourceVersion "1"]
[SourceVersionDate "2019.06.03"]
[SourceQuality "1"]
[WhiteTeam "Budapest HUSI"]
[BlackTeam "Paks ASE II"]
[WhiteTeamCountry "HUN"]
[BlackTeamCountry "HUN"]

1. e4 e6 2. d4 d5 3. Nd2 Be7 4. e5 c5 5. Qg4 Kf8 6. Ndf3 Nc6 7. Bd3 h5 8. Qf4 c4 9. Bg6 Bf6 10. exf6 Qxf6 11. Bxf7 Qxf4 12. Bxf4 Kxf7 13. Ng5+ Ke7 14. N1f3 Nf6 15. 0-0-0 Nh7 16. Nxh7 Rxh7 17. Rhe1 Bd7 18. Re3 Re8 19. Rde1 Rhh8 20. c3 Rhf8 21. Bg3 Kd8 22. Ng5 Rf6 23. f3 Kc8 24. h4 b5 25. Be5 Nxe5 26. Rxe5 Kc7 27. Nh3 g6 28. Kd2 Kd6 29. Ke3 a5 30. a3 Rb8 31. Kf2 b4 32. axb4 axb4 33. Ra1 bxc3 34. bxc3 Rb3 35. Re3 Rb2+ 36. Kg3 Bc6 37. Ng5 Rb6 38. Ra7 Bd7 39. Ra8 Ke7 40. Rh8 Be8 41. Re1 Ra6 42. Rb1 Ra7 43. Rb8 Bf7 44. Rh7 Rd7 45. Kf2 Ra7 46. Rb6 Rd7 47. Rxe6+ Rxe6 48. Rxf7+ Kd6 49. Rxd7+ Kxd7 50. Nxe6 Kxe6 51. g4 Kf6 52. Ke3 Ke6 53. Kf4 Kf6 54. Kg3 Ke6 55. f4 Kf6 56. Kf3 Kf7 57. f5 gxf5 58. gxh5 Kg7 59. Kf4 Kf6 60. h6 1-0

[Event "HUN-chT2 Charousek 1819"]
[Site "Hungary"]
[Date "2018.11.18"]
[Round "4.3"]
[White "Mazur, Stefan"]
[Black "Dudas, Eszter"]
[Result "1/2-1/2"]
[WhiteElo "2413"]
[BlackElo "2133"]
[PlyCount "151"]
[EventDate "2018.09.23"]
[EventType "team-tourn"]
[EventRounds "11"]
[EventCountry "HUN"]
[SourceTitle "CBM 189 Extra"]
[Source "ChessBase"]
[SourceDate "2019.06.03"]
[SourceVersion "1"]
[SourceVersionDate "2019.06.03"]
[SourceQuality "1"]
[WhiteTeam "Biatorbagy"]
[BlackTeam "Paks ASE II"]
[WhiteTeamCountry "HUN"]
[BlackTeamCountry "HUN"]

1. e4 e6 2. d4 d5 3. Nc3 Bb4 4. e5 c5 5. a3 Bxc3+ 6. bxc3 Qc7 7. Bd3 Ne7 8. Qg4 Kf8 9. Nf3 b6 10. Ng5 Nf5 11. Qh5 h6 12. g4 g6 13. Qh3 cxd4 14. 0-0 Ne7 15. cxd4 Ba6 16. Qh4 Qd7 17. Rd1 Kg8 18. Nxf7 Kxf7 19. Bxh6 Ng8 20. Bxg6+ Kxg6 21. Qh5+ Kh7 22. Bf8+ Nh6 23. Bxh6 Qe8 24. Qh4 Nd7 25. Re1 Qg6 26. g5 Kg8 27. Re3 Rf8 28. Qg3 Rf5 29. Kh1 Nf8 30. a4 Bc4 31. a5 b5 32. Rg1 Nd7 33. h4 Qh5 34. f4 Nb8 35. Kh2 Nc6 36. Kh3 Nxd4 37. Qf2 Nc6 38. Reg3 d4 39. Rg4 Qe8 40. R4g3 Qd7 41. Re1 Qd5 42. Qd2 Qd8 43. a6 b4 44. Qd1 Qe8 45. Qf3 Bxa6 46. Qb3 Rh7 47. c3 bxc3 48. Qa4 Bb7 49. Qb5 a6 50. Qd3 Qd7 51. Qf3 Nxe5 52. Qh5 Qf7 53. Qd1 Ng6 54. Qxd4 Nxf4+ 55. Kh2 Qd7 56. Qxc3 Ng6 57. Rd3 Bd5 58. Rc1 Nxh4 59. Qb4 Nf3+ 60. Rxf3 Rxh6+ 61. gxh6 Rxf3 62. Rg1+ Kh7 63. Rg7+ Qxg7 64. hxg7 Kxg7 65. Qd4+ Kf7 66. Qa7+ Kg6 67. Qxa6 Kg5 68. Qc8 Kf4 69. Qf8+ Ke3 70. Qa3+ Kd4 71. Qa7+ Ke4 72. Qa4+ Kd3 73. Qd1+ Kc4 74. Qa4+ Kc3 75. Qa1+ Kc2 76. Qe1 1/2-1/2

[Event "Pula op 32nd"]
[Site "Pula"]
[Date "2018.06.30"]
[Round "9"]
[White "Fossum, Oystein Boyum"]
[Black "Dudas, Eszter"]
[Result "1/2-1/2"]
[WhiteElo "2257"]
[BlackElo "2125"]
[PlyCount "104"]
[EventDate "2018.06.23"]
[EventType "swiss"]
[EventRounds "9"]
[EventCountry "CRO"]
[SourceTitle "EXT 2019"]
[Source "ChessBase"]
[SourceDate "2018.10.10"]
[SourceVersion "1"]
[SourceVersionDate "2018.10.10"]
[SourceQuality "1"]

1. Nf3 c5 2. g3 g6 3. Bg2 Bg7 4. 0-0 Nc6 5. c4 d6 6. Nc3 e6 7. d3 Nge7 8. Bd2 Qd7 9. Qc1 Nf5 10. Ne4 0-0 11. Bc3 Nfd4 12. Re1 f5 13. Ned2 e5 14. Bxd4 cxd4 15. Rb1 a5 16. a3 a4 17. Qc2 Qe7 18. e3 g5 19. Nf1 g4 20. N3d2 Qd8 21. b4 axb3 22. Qxb3 Kh8 23. Rbc1 Qa5 24. Nb1 Qc5 25. Qd1 Bh6 26. Kh1 Ne7 27. Rc2 Ng6 28. Rb2 f4 29. Rb3 Qc7 30. Rb5 fxg3 31. Be4 Ra6 32. fxg3 Ra5 33. Rb2 Qc5 34. Rbe2 Ne7 35. exd4 Qxd4 36. Nfd2 Qb6 37. Nb3 Ra8 38. Rb2 Nc6 39. Nc3 Nd4 40. Nd5 Qd8 41. Nxd4 exd4 42. Nb6 Rxa3 43. Nxc8 Qxc8 44. Rxb7 Bg7 45. Qc1 Ra5 46. Rf1 Raf5 47. Rxf5 Rxf5 48. Qd1 Rf2 49. Qb1 Qf8 50. Rb8 Rf1+ 51. Qxf1 Qxb8 52. h3 d5 1/2-1/2

[Event "HUN-chT2 Charousek 1718"]
[Site "Hungary"]
[Date "2018.02.18"]
[Round "6.5"]
[White "Dudas, Eszter"]
[Black "Petrusic, Toni"]
[Result "1/2-1/2"]
[WhiteElo "2112"]
[BlackElo "2286"]
[PlyCount "71"]
[EventDate "2017.10.29"]
[EventType "team-tourn"]
[EventRounds "9"]
[EventCountry "HUN"]
[SourceTitle "EXT 2020"]
[Source "ChessBase"]
[SourceDate "2019.10.17"]
[SourceVersion "1"]
[SourceVersionDate "2019.10.17"]
[SourceQuality "1"]
[WhiteTeam "Paks ASE II"]
[BlackTeam "Tapolca Rockwool"]
[WhiteTeamCountry "HUN"]
[BlackTeamCountry "HUN"]

1. e4 e6 2. d4 d5 3. Nd2 c5 4. exd5 Qxd5 5. Ngf3 cxd4 6. Bc4 Qd7 7. 0-0 Nf6 8. Nb3 Nc6 9. Nbxd4 Nxd4 10. Nxd4 a6 11. Re1 Qc7 12. Qe2 Bc5 13. Nf5 0-0 14. Ng3 b5 15. Bd3 Bb7 16. Ne4 Nxe4 17. Bxe4 Bxe4 18. Qxe4 Rad8 19. Bf4 Qb6 20. Be3 Rd5 21. Bxc5 Qxc5 22. Rad1 Rfd8 23. Qe2 g6 24. g3 Kg7 25. c3 h6 26. h4 R8d6 27. Kg2 Qc6 28. Kg1 h5 29. a3 Kg8 30. Rxd5 Qxd5 31. Qe4 Qd2 32. Qe2 Kf8 33. Kf1 Qd5 34. Qe4 Qb3 35. Qb4 Qd5 36. Qe4 1/2-1/2

[Event "Budapest-chT1 Lilienthal 1718"]
[Site "Budapest"]
[Date "2017.10.15"]
[Round "2"]
[White "Dudas, Eszter"]
[Black "Bodi, Tibor"]
[Result "1/2-1/2"]
[WhiteElo "2127"]
[BlackElo "2187"]
[PlyCount "80"]
[EventDate "2017.10.01"]
[EventType "team-tourn"]
[EventRounds "13"]
[EventCountry "HUN"]
[SourceTitle "EXT 2021"]
[Source "ChessBase"]
[SourceDate "2020.10.23"]
[SourceVersion "1"]
[SourceVersionDate "2020.10.23"]
[SourceQuality "1"]
[WhiteTeam "Budapest MTK III"]
[BlackTeam "Aquarena III"]
[WhiteTeamCountry "HUN"]
[BlackTeamCountry "HUN"]

1. e4 c6 2. Nc3 d5 3. Nf3 dxe4 4. Nxe4 Nf6 5. Nxf6+ exf6 6. d4 Bd6 7. Be2 0-0 8. 0-0 Nd7 9. c3 Re8 10. Re1 Nf8 11. Qb3 Qc7 12. Bd2 Bg4 13. h3 Bh5 14. c4 Ne6 15. Qc3 Rad8 16. Rad1 f5 17. Bc1 c5 18. d5 Bxf3 19. Bxf3 Nd4 20. b3 Be5 21. Qd3 Qa5 22. Qd2 Qa6 23. Be2 Bf4 24. Qb2 Bxc1 25. Rxc1 Qf6 26. Qd2 Re7 27. Bd3 Rde8 28. Rxe7 Qxe7 29. Kf1 Qd6 30. Re1 Rxe1+ 31. Qxe1 g6 32. Qe8+ Kg7 33. Kg1 b6 34. Qe1 f4 35. f3 Qf6 36. Qe4 Kh6 37. Qe1 Kg5 38. Kf1 a5 39. Qe8 h5 40. Be4 Kh6 1/2-1/2

[Event "HUN-chT2 Charousek 1516"]
[Site "Hungary"]
[Date "2016.03.20"]
[Round "7.6"]
[White "Dudas, Eszter"]
[Black "Teglas, Balazs"]
[Result "1/2-1/2"]
[WhiteElo "2145"]
[BlackElo "2188"]
[PlyCount "97"]
[EventDate "2015.10.18"]
[EventType "team-tourn"]
[EventRounds "9"]
[EventCountry "HUN"]
[SourceTitle "EXT 2017"]
[Source "ChessBase"]
[SourceDate "2016.10.25"]
[SourceVersion "1"]
[SourceVersionDate "2016.10.25"]
[SourceQuality "1"]
[WhiteTeam "Paks ASE II"]
[BlackTeam "Hobagoly"]
[WhiteTeamCountry "HUN"]
[BlackTeamCountry "HUN"]

1. e4 d6 2. d4 Nf6 3. Nc3 e5 4. Nf3 Nbd7 5. Bc4 h6 6. 0-0 Be7 7. Re1 c6 8. a4 Qc7 9. h3 Nf8 10. Be3 Ng6 11. Qd2 b6 12. d5 0-0 13. Qd3 cxd5 14. Nxd5 Nxd5 15. Bxd5 Rb8 16. Nd2 Rd8 17. Nc4 Be6 18. Na3 Bxd5 19. Qxd5 Bg5 20. Nb5 Qe7 21. Nc3 Bxe3 22. Rxe3 Nf4 23. Qb5 Rbc8 24. Rd1 Rc5 25. Qf1 Qb7 26. Rd2 Qc6 27. Qd1 a6 28. Rg3 g6 29. Qg4 Kg7 30. Qh4 Rd7 31. Rf3 b5 32. g3 Ne6 33. Qf6+ Kh7 34. axb5 axb5 35. Nd5 Ng5 36. Re3 Nxe4 37. Rxe4 Rxd5 38. Ree2 Rxd2 39. Rxd2 Ra7 40. Kh2 Rd7 41. c3 Qc7 42. Rd5 Qc6 43. Rxe5 Rc7 44. Re1 d5 45. Qxc6 Rxc6 46. Re7 Kg7 47. Rd7 b4 48. Rxd5 bxc3 49. bxc3 1/2-1/2

[Event "HUN-chT2 Charousek 1516"]
[Site "Hungary"]
[Date "2015.11.29"]
[Round "3.7"]
[White "Buzeti, Jernej"]
[Black "Dudas, Eszter"]
[Result "0-1"]
[WhiteElo "2207"]
[BlackElo "2145"]
[PlyCount "44"]
[EventDate "2015.10.18"]
[EventType "team-tourn"]
[EventRounds "9"]
[EventCountry "HUN"]
[SourceTitle "CBM 170 Extra"]
[Source "ChessBase"]
[SourceDate "2016.02.25"]
[SourceVersion "1"]
[SourceVersionDate "2016.02.25"]
[SourceQuality "1"]
[WhiteTeam "SZASTE"]
[BlackTeam "Paks ASE II"]
[WhiteTeamCountry "HUN"]
[BlackTeamCountry "HUN"]

1. e4 e6 2. d4 d5 3. Nd2 a6 4. e5 c5 5. c3 Nc6 6. Ndf3 Nge7 7. Bd3 Nf5 8. Ne2 Be7 9. 0-0 cxd4 10. Nexd4 Ncxd4 11. Nxd4 Nxd4 12. cxd4 0-0 13. Qh5 g6 14. Qh6 Bd7 15. h4 Bb5 16. Rd1 Bxd3 17. Rxd3 Qd7 18. Rf3 Rfc8 19. Rxf7 Kxf7 20. Qxh7+ Ke8 21. Bd2 Bf8 22. Qxg6+ Qf7 0-1

[Event "HUN-chT2 Charousek 1516"]
[Site "Hungary"]
[Date "2015.10.18"]
[Round "1.8"]
[White "Dudas, Eszter"]
[Black "Marosi, Levente"]
[Result "1/2-1/2"]
[WhiteElo "2145"]
[BlackElo "2239"]
[PlyCount "53"]
[EventDate "2015.10.18"]
[EventType "team-tourn"]
[EventRounds "9"]
[EventCountry "HUN"]
[SourceTitle "CBM 170 Extra"]
[Source "ChessBase"]
[SourceDate "2016.02.25"]
[SourceVersion "1"]
[SourceVersionDate "2016.02.25"]
[SourceQuality "1"]
[WhiteTeam "Paks ASE II"]
[BlackTeam "Budapest MTK"]
[WhiteTeamCountry "HUN"]
[BlackTeamCountry "HUN"]

1. e4 c5 2. Nf3 d6 3. d4 cxd4 4. Nxd4 Nf6 5. Nc3 a6 6. Bc4 e6 7. Bb3 Nbd7 8. 0-0 Nc5 9. Qe2 Be7 10. Kh1 0-0 11. f4 Qc7 12. f5 b5 13. g3 e5 14. Nf3 Nxb3 15. cxb3 Bb7 16. Bg5 Rac8 17. Rfd1 Ng4 18. Bxe7 Qxe7 19. Nd5 Bxd5 20. Rxd5 Rfd8 21. Rad1 Nf6 22. R5d2 Qd7 23. Re1 Qc6 24. h3 Qc5 25. Qd3 Qc7 26. Qe3 Qc5 27. Qd3 1/2-1/2

[Event "Budapest Duna op"]
[Site "Budapest"]
[Date "2015.09.30"]
[Round "8"]
[White "Dudas, Eszter"]
[Black "Lyell, Mark"]
[Result "1/2-1/2"]
[WhiteElo "2145"]
[BlackElo "2313"]
[PlyCount "148"]
[EventDate "2015.09.23"]
[EventType "swiss"]
[EventRounds "9"]
[EventCountry "HUN"]
[SourceTitle "CBM 168 Extra"]
[Source "ChessBase"]
[SourceDate "2015.10.29"]
[SourceVersion "1"]
[SourceVersionDate "2015.10.29"]
[SourceQuality "1"]

1. e4 e5 2. Nf3 Nc6 3. Bb5 f5 4. d3 fxe4 5. dxe4 Nf6 6. 0-0 Bc5 7. Bxc6 bxc6 8. Nxe5 0-0 9. Nc3 d6 10. Nd3 Bd4 11. Qe1 Qe8 12. Be3 Bxc3 13. Qxc3 Qxe4 14. Rae1 Bd7 15. Bd4 Qf5 16. Re7 Rf7 17. Bxf6 Qxf6 18. Qxf6 gxf6 19. Rfe1 Kf8 20. R7e3 Rb8 21. c3 a5 22. h3 c5 23. c4 Bf5 24. R1e2 Bxd3 25. Rxd3 Re7 26. Rxe7 Kxe7 27. b3 a4 28. g4 axb3 29. axb3 Ra8 30. Kg2 Ra2 31. Kf3 Rb2 32. h4 Ke6 33. Re3+ Kd7 34. Rd3 Kc6 35. Kg3 Kd7 36. Rf3 Ke6 37. Re3+ Kf7 38. f3 c6 39. Kf4 d5 40. cxd5 cxd5 41. Rc3 d4 42. Rxc5 Rxb3 43. Rd5 d3 44. Ke4 Ke6 45. Rxd3 Rb5 46. Rd4 h5 47. Kf4 hxg4 48. Kxg4 Rb1 49. Kh5 Rf1 50. Kg4 Rg1+ 51. Kf4 Ra1 52. Rb4 Rc1 53. Rb6+ Kf7 54. Kg4 Rh1 55. f4 Ra1 56. Rb5 Rh1 57. h5 Ke6 58. Rb6+ Kf7 59. Rb7+ Ke6 60. f5+ Kd6 61. Rb3 Ke7 62. Rb7+ Kf8 63. Ra7 Rg1+ 64. Kf4 Rf1+ 65. Ke4 Re1+ 66. Kf4 Rf1+ 67. Ke4 Re1+ 68. Kd5 Re5+ 69. Kd6 Rxf5 70. h6 Kg8 71. h7+ Kh8 72. Ke6 Rf1 73. Rb7 Re1+ 74. Kxf6 Rf1+ 1/2-1/2

[Event "Budapest Duna op"]
[Site "Budapest"]
[Date "2015.09.28"]
[Round "6"]
[White "Terbe, Julianna"]
[Black "Dudas, Eszter"]
[Result "1/2-1/2"]
[WhiteElo "2233"]
[BlackElo "2145"]
[PlyCount "54"]
[EventDate "2015.09.23"]
[EventType "swiss"]
[EventRounds "9"]
[EventCountry "HUN"]
[SourceTitle "CBM 168 Extra"]
[Source "ChessBase"]
[SourceDate "2015.10.29"]
[SourceVersion "1"]
[SourceVersionDate "2015.10.29"]
[SourceQuality "1"]

1. e4 e6 2. d4 d5 3. Nd2 a6 4. Ngf3 c5 5. dxc5 Bxc5 6. Bd3 Nc6 7. 0-0 Nge7 8. a3 Ba7 9. Qe2 0-0 10. c4 Ng6 11. Nb3 dxc4 12. Bxc4 Nce5 13. Nxe5 Nxe5 14. Bf4 Qf6 15. Bxe5 Qxe5 16. Kh1 b5 17. Bd3 Qb8 18. f4 e5 19. f5 f6 20. Rf3 Bd7 21. Rg3 Qe8 22. Bb1 Kh8 23. Ba2 Qe7 24. Rd1 Rfd8 25. Nc1 Be8 26. Bd5 Rac8 27. Nd3 a5 1/2-1/2

[Event "Budapest Art Pub Cup 8th"]
[Site "Budapest"]
[Date "2015.07.11"]
[Round "5"]
[White "Gal, Janos"]
[Black "Dudas, Eszter"]
[Result "0-1"]
[WhiteElo "1896"]
[BlackElo "2201"]
[PlyCount "130"]
[EventDate "2015.07.09"]
[EventType "swiss"]
[EventRounds "7"]
[EventCountry "HUN"]
[SourceTitle "CBM 167 Extra"]
[Source "ChessBase"]
[SourceDate "2015.09.14"]
[SourceVersion "1"]
[SourceVersionDate "2015.09.14"]
[SourceQuality "1"]

1. e4 e6 2. f4 d5 3. exd5 exd5 4. Nf3 Bd6 5. d4 Bg4 6. Qe2+ Ne7 7. Qb5+ Nbc6 8. Ne5 Bxe5 9. fxe5 0-0 10. c3 f6 11. Be2 Bxe2 12. Qxe2 fxe5 13. dxe5 Ng6 14. Be3 Ngxe5 15. Nd2 Qh4+ 16. g3 Qa4 17. Bf4 Rae8 18. 0-0 Ng6 19. Qf3 Nxf4 20. gxf4 Rf5 21. b3 Qa3 22. Qd3 Qc5+ 23. Kh1 Ref8 24. Rae1 Qd6 25. Qe3 Rxf4 26. Rxf4 Qxf4 27. Qxf4 Rxf4 28. Kg2 Kf7 29. Nf3 h6 30. Kg3 Rf6 31. Rd1 Ne7 32. Rd2 c6 33. Re2 Nf5+ 34. Kg4 g6 35. Ne5+ Kg7 36. Nd7 Rf7 37. Nc5 Re7 38. Rxe7+ Nxe7 39. Nxb7 Kf6 40. h4 Ke5 41. Nc5 d4 42. cxd4+ Kxd4 43. Na4 Nd5 44. Kf3 Nc3 45. Nb2 Nxa2 46. Nc4 Nc1 47. Na5 c5 48. Nc6+ Kc3 49. Nxa7 Nxb3 50. Ke4 Nd4 51. Nc8 Nf5 52. Kd5 Nxh4 53. Kxc5 g5 54. Kd5 Kd3 55. Nd6 g4 56. Ne4 Ke3 57. Ke5 Ng6+ 58. Kf5 Ne7+ 59. Ke5 h5 60. Ng3 h4 61. Nf1+ Ke2 62. Kf4 Kxf1 63. Kxg4 Ng6 64. Kh3 Kg1 65. Kg4 Kg2 0-1

[Event "Pula op 29th"]
[Site "Pula"]
[Date "2015.06.16"]
[Round "5"]
[White "Schacher, Gerd"]
[Black "Dudas, Eszter"]
[Result "1/2-1/2"]
[WhiteElo "2353"]
[BlackElo "2190"]
[PlyCount "53"]
[EventDate "2015.06.13"]
[EventType "swiss"]
[EventRounds "9"]
[EventCountry "CRO"]
[SourceTitle "CBM 167 Extra"]
[Source "ChessBase"]
[SourceDate "2015.09.14"]
[SourceVersion "1"]
[SourceVersionDate "2015.09.14"]
[SourceQuality "1"]

1. g3 c5 2. c4 Nc6 3. Bg2 g6 4. Nc3 Bg7 5. Nf3 e5 6. a3 a5 7. 0-0 d6 8. Ne1 Be6 9. d3 Nge7 10. Nc2 d5 11. cxd5 Nxd5 12. Nxd5 Bxd5 13. Bxd5 Qxd5 14. e4 Qd7 15. Ne3 0-0 16. Nd5 Rab8 17. Be3 b6 18. Qa4 Rfc8 19. Rfc1 Qe6 20. Qb5 Bf8 21. Rc3 Ne7 22. Nxe7+ Bxe7 23. Rac1 Kg7 24. Rb3 h5 25. Qc4 Qd7 26. Qc2 Qg4 27. Qd1 1/2-1/2

[Event "Budapest Spring op (Women)"]
[Site "Budapest"]
[Date "2015.04.14"]
[Round "8"]
[White "Terbe, Zsuzsanna"]
[Black "Dudas, Eszter"]
[Result "1/2-1/2"]
[WhiteElo "2109"]
[BlackElo "2194"]
[PlyCount "62"]
[EventDate "2015.04.07"]
[EventType "swiss"]
[EventRounds "9"]
[EventCountry "HUN"]
[SourceTitle "CBM 166 Extra"]
[Source "ChessBase"]
[SourceDate "2015.06.18"]
[SourceVersion "1"]
[SourceVersionDate "2015.06.18"]
[SourceQuality "1"]

1. e4 e6 2. d4 d5 3. Nd2 Be7 4. c3 c5 5. Bd3 Nf6 6. e5 Nfd7 7. Ne2 Nc6 8. 0-0 Qb6 9. Nf3 cxd4 10. cxd4 0-0 11. Qc2 h6 12. a3 Kh8 13. Be3 Qd8 14. Qd2 Na5 15. Bc2 Nc4 16. Qd3 f5 17. Nf4 Qe8 18. Nxe6 Ndxe5 19. Nxe5 Bxe6 20. Bc1 Rc8 21. Re1 Nxe5 22. Rxe5 Qc6 23. Bb3 Bf6 24. Re1 Qb6 25. Be3 f4 26. Bxf4 Qxd4 27. Qxd4 Bxd4 28. Rxe6 Rxf4 29. Re2 Rcf8 30. Rf1 R4f5 31. g3 Bc5 1/2-1/2

[Event "Budapest Spring op (Women)"]
[Site "Budapest"]
[Date "2015.04.09"]
[Round "3"]
[White "Juhasz, Barbara"]
[Black "Dudas, Eszter"]
[Result "1/2-1/2"]
[WhiteElo "2145"]
[BlackElo "2194"]
[PlyCount "59"]
[EventDate "2015.04.07"]
[EventType "swiss"]
[EventRounds "9"]
[EventCountry "HUN"]
[SourceTitle "CBM 166 Extra"]
[Source "ChessBase"]
[SourceDate "2015.06.18"]
[SourceVersion "1"]
[SourceVersionDate "2015.06.18"]
[SourceQuality "1"]

1. e4 e6 2. d3 d5 3. Nd2 c5 4. Ngf3 Nc6 5. g3 g6 6. Bg2 Bg7 7. 0-0 Nge7 8. Re1 0-0 9. h4 h6 10. e5 Qc7 11. Qe2 b5 12. Nf1 Ba6 13. N1h2 Qd8 14. Ng4 Nf5 15. Bf4 Rc8 16. Qd2 Kh7 17. c3 d4 18. cxd4 Ncxd4 19. Nxd4 Qxd4 20. Be4 Rfd8 21. h5 c4 22. Rad1 c3 23. bxc3 Qxc3 24. hxg6+ fxg6 25. Bxf5 gxf5 26. Nf6+ Kg6 27. Qe2 Bxf6 28. exf6 Qxf6 29. Qxe6 Bb7 30. Rb1 1/2-1/2

[Event "Budapest Spring op (Women)"]
[Site "Budapest"]
[Date "2015.04.08"]
[Round "2"]
[White "Dudas, Eszter"]
[Black "Sedina, Elena"]
[Result "0-1"]
[WhiteElo "2194"]
[BlackElo "2305"]
[PlyCount "90"]
[EventDate "2015.04.07"]
[EventType "swiss"]
[EventRounds "9"]
[EventCountry "HUN"]
[SourceTitle "CBM 166 Extra"]
[Source "ChessBase"]
[SourceDate "2015.06.18"]
[SourceVersion "1"]
[SourceVersionDate "2015.06.18"]
[SourceQuality "1"]

1. e4 e6 2. d4 d5 3. Nd2 c5 4. exd5 exd5 5. Ngf3 Nf6 6. Bb5+ Bd7 7. Bxd7+ Nbxd7 8. 0-0 Be7 9. dxc5 Nxc5 10. Nb3 Nce4 11. Nfd4 Nd6 12. Re1 0-0 13. Nc5 Re8 14. Nd3 Qb6 15. c3 Nc4 16. Qb3 Bc5 17. Qxb6 Bxb6 18. f3 Rxe1+ 19. Nxe1 Re8 20. Kf2 h5 21. Nd3 Nd7 22. Bf4 Nc5 23. Nxc5 Bxc5 24. Rb1 Bxd4+ 25. cxd4 Na5 26. Re1 Rxe1 27. Kxe1 Nc6 28. Kd2 Nxd4 29. a4 a6 30. Be3 Nc6 31. Bb6 f6 32. Kc3 Kf7 33. b4 Ke6 34. b5 axb5 35. axb5 Ne5 36. Kd4 Nc4 37. Bc5 b6 38. Bf8 Nd6 39. Bxd6 Kxd6 40. f4 g6 41. h4 Ke6 42. Ke3 Ke7 43. Kd3 Kd7 44. Ke3 Ke6 45. g3 Kd6 0-1

[Event "HUN-chT2 Charousek 1415"]
[Site "Hungary"]
[Date "2014.11.30"]
[Round "3"]
[White "Amrein, Roland"]
[Black "Dudas, Eszter"]
[Result "0-1"]
[WhiteElo "2266"]
[BlackElo "2154"]
[PlyCount "118"]
[EventDate "2014.10.12"]
[EventType "team-tourn"]
[EventRounds "9"]
[EventCountry "HUN"]
[SourceTitle "EXT 2016"]
[Source "ChessBase"]
[SourceDate "2015.10.08"]
[SourceVersion "1"]
[SourceVersionDate "2015.10.08"]
[SourceQuality "1"]
[WhiteTeam "Komlo"]
[BlackTeam "Paks ASE II"]
[WhiteTeamCountry "HUN"]
[BlackTeamCountry "HUN"]

1. e4 e6 2. d4 d5 3. Nd2 Be7 4. Ngf3 Nf6 5. Bd3 c5 6. dxc5 dxe4 7. Nxe4 Nxe4 8. Bxe4 Qxd1+ 9. Kxd1 Bxc5 10. Ke2 Nd7 11. Rd1 0-0 12. Bxb7 Bxb7 13. Rxd7 Ba6+ 14. Ke1 Rac8 15. Bf4 e5 16. Bd2 Rfe8 17. Bc3 Bd4 18. Rd1 Bb5 19. Rb7 Bc6 20. Rb3 Ba4 21. Ra3 Bxc2 22. Rd2 Bxc3 23. Rxc3 Rxc3 24. bxc3 Ba4 25. Rd6 Rb8 26. Nd2 Bc2 27. Nc4 e4 28. Ne5 f6 29. Kd2 Ba4 30. Nc4 Bb5 31. Na5 Bf1 32. Nb3 Bxg2 33. c4 f5 34. c5 Rc8 35. h4 f4 36. Kc3 Re8 37. Nd4 e3 38. fxe3 f3 39. Nxf3 Bxf3 40. Kd3 Re7 41. c6 Kf7 42. a4 h6 43. Kc4 Rxe3 44. a5 Re6 45. Rd7+ Re7 46. Rd6 Re6 47. Rd7+ Kf6 48. c7 Bb7 49. Kd4 Rc6 50. Ke3 Bc8 51. Rd5 Rxc7 52. h5 Be6 53. Rb5 Bc4 54. Rb2 Kg5 55. Rh2 Be6 56. a6 Bg4 57. Rb2 Rc6 58. Rb5+ Kf6 59. Kf4 Bc8 0-1

[Event "Budapest FS08 IM-A"]
[Site "Budapest"]
[Date "2014.08.10"]
[Round "8"]
[White "Bagi, Mate"]
[Black "Dudas, Eszter"]
[Result "1/2-1/2"]
[WhiteElo "2371"]
[BlackElo "2162"]
[PlyCount "85"]
[EventDate "2014.08.02"]
[EventType "tourn"]
[EventRounds "9"]
[EventCountry "HUN"]
[SourceTitle "CBM 161 Extra"]
[Source "ChessBase"]
[SourceDate "2014.08.29"]
[SourceVersion "1"]
[SourceVersionDate "2014.08.29"]
[SourceQuality "1"]

1. e4 e6 2. d4 d5 3. e5 c5 4. c3 Nc6 5. Nf3 Bd7 6. Be2 Nge7 7. 0-0 Ng6 8. g3 Be7 9. h4 cxd4 10. cxd4 0-0 11. h5 Nh8 12. h6 g6 13. Nbd2 f6 14. exf6 Bxf6 15. Nb3 b6 16. Nh2 Nf7 17. Ng4 Bg5 18. Bd3 Nd6 19. Bxg5 Qxg5 20. f4 Qe7 21. Qd2 Nf5 22. Kg2 a5 23. Bxf5 gxf5 24. Ne5 Nxe5 25. dxe5 Kh8 26. Nd4 Rac8 27. Rac1 Rc5 28. Rc3 Rfc8 29. Rfc1 Qf8 30. Nb3 Rxc3 31. Rxc3 Kg8 32. Qd4 a4 33. Nc1 Rxc3 34. Qxc3 Qc8 35. Qd2 Qc4 36. Ne2 Qxa2 37. Qb4 Qc4 38. Qe7 Qxe2+ 39. Kg1 Qe1+ 40. Kg2 Qe2+ 41. Kg1 Qe1+ 42. Kh2 Qe2+ 43. Kg1 1/2-1/2